000
00337nam a22001457a 4500
008
210511b ||||| |||| 00| 0 eng d
020
_a
0684871580
041
_a
eng
080
_a
32
082
_a
32
100
_a
19
101
_a
SHP
245
_a
Germs Biological Weapons and America's Secret War
_c
Judith Miller
942
_2
udc
_c
BK
999
_c
57259
_d
57259